| 000 | 00502nam a2200133Ia 4500 | ||
|---|---|---|---|
| 008 | 170221s9999 xx 000 0 und d | ||
| 100 | _aLiang Hu | ||
| 245 | 4 | _aThe Research and Outlook for Keyword-Based Searchable Encryption in Cloud Storage | |
| 245 | _cLiang Hu, Tengfei Li, Yan Li, Jianfeng Chu, Hongtu Li, and Hongying Han | ||
| 260 | _bJournal of Communications | ||
| 650 | _xCommunication | ||
| 650 | _xMedia Arts | ||
| 856 | _uhttp://www.jocm.us/index.php?m=content&c=index&a=lists&catid=152 | ||
| 999 |
_c312833 _d312833 |
||